Deutschlandlied - Full Lyrics - Statistics

General Stats
  • This quiz has been taken 32 times
  • The average score is 84 of 139
Answer Stats
Lyrics % Correct
und
100%
alle
96%
Deutsche
96%
deutsche
96%
das
93%
Freiheit
93%
Für
93%
Vaterland!
93%
alles,
89%
alles
89%
Deutschland,
89%
Deutschland
89%
Recht
89%
über
89%
Über
89%
Einigkeit
85%
Hand!
78%
Blüh'
74%
Brüderlich
74%
den
74%
Glückes
74%
Glückes,
74%
Herz
74%
im
74%
in
74%
mit
74%
der
70%
Glanze
70%
Uns
70%
uns
70%
deutsches
67%
die
67%
lasst
67%
streben
67%
Welt,
67%
Welt!
67%
Welt
67%
Blühe,
63%
Danach
63%
des
63%
dieses
63%
Sind
56%
Unterpfand;
56%
Frauen,
52%
Wein
41%
Sang
37%
Sang!
37%
Deutscher
33%
deutscher
33%
es
26%
Memel,
26%
zu
26%
an
22%
Belt
22%
bis
22%
Trutze
22%
Von
22%
Etsch
19%
Maas
19%
Schutz
19%
zusammenhält.
15%
Ihren
11%
Klang,
11%
stets
11%
Treue,
11%
Unser
11%
Wenn
11%
behalten
7%
Sollen
7%
alten
4%
schönen
4%
begeistern
0%
edler
0%
ganzes
0%
lang.
0%
Leben
0%
Tat
0%
No matching quizzes found
Score Distribution
Percent of People with Each Score
Percentile by Number Answered
Your Score History
You have not taken this quiz